Guess the Famous People from their Eyes #34 - Statistics

General Stats
  • This quiz has been taken 138 times
  • The average score is 5 of 16
Answer Stats
Picture Answer % Correct
Woody Allen
60%
Lorde
50%
Lucille Ball
49%
Paul Newman
45%
Bono
44%
Tina Fey
44%
Michael Douglas
43%
Nina Dobrev
40%
Diane Keaton
35%
Chad Michael Murray
26%
Angus T. Jones
12%
Florence Nightingale
12%
Alex Rodriguez
11%
Billie Holiday
6%
Hope Solo
6%
Mario
6%
No matching quizzes found
Score Distribution
Percent of People with Each Score
Percentile by Number Answered
Your Score History
You have not taken this quiz